Engaging leaders : (Record no. 135709)
[ view plain ]
| 000 -LEADER | |
|---|---|
| fixed length control field | 00532nam a22001817a 4500 |
| 005 - DATE AND TIME OF LATEST TRANSACTION | |
| control field | 20241029101543.0 |
| 008 - FIXED-LENGTH DATA ELEMENTS--GENERAL INFORMATION | |
| fixed length control field | 241029b |||||||| |||| 00| 0 eng d |
| 020 ## - INTERNATIONAL STANDARD BOOK NUMBER | |
| International Standard Book Number | 97804158381884 |
| 040 ## - CATALOGING SOURCE | |
| Transcribing agency | PK-LaUMT |
| 082 ## - DEWEY DECIMAL CLASSIFICATION NUMBER | |
| Classification number | 378.111 |
| Item number | GEN-E |
| 100 ## - MAIN ENTRY--PERSONAL NAME | |
| Personal name | Gentle, Paul |
| 245 ## - TITLE STATEMENT | |
| Title | Engaging leaders : |
| Remainder of title | the challenge of inspiring collective commitment in universities / |
| Statement of responsibility, etc | by Paul Gentle and Dawn Forman |
| 260 ## - PUBLICATION, DISTRIBUTION, ETC. (IMPRINT) | |
| Place of publication, distribution, etc | London : |
| Name of publisher, distributor, etc | Routledge : |
| Date of publication, distribution, etc | 2014 |
| 300 ## - PHYSICAL DESCRIPTION | |
| Extent | 166 p. |
| 546 ## - LANGUAGE NOTE | |
| Language note | English |
| 650 ## - SUBJECT ADDED ENTRY--TOPICAL TERM | |
| Topical term or geographic name as entry element | Education |
| 942 ## - ADDED ENTRY ELEMENTS (KOHA) | |
| Koha item type | Books |
| Withdrawn status | Lost status | Damaged status | Home library | Current library | Date acquired | Full call number | Barcode | Date last seen | Price effective from | Koha item type |
|---|---|---|---|---|---|---|---|---|---|---|
| UMT Main Campus | UMT Main Campus | 2024-10-29 | 378.111 GEN-E | 147641 | 2025-01-21 | 2024-10-29 | Books |
